| 000 | 00839nam a2200217Ia 4500 | ||
|---|---|---|---|
| 003 | IN-BaIIA | ||
| 008 | 211028s9999 xx 000 0 eng d | ||
| 020 | _a0-7923-5864-3 | ||
| 040 | _cIIA Library | ||
| 080 |
_a551.510.5(082.1) _bINT |
||
| 245 | 0 |
_aInterball in the ISTP program _bstudies of the solar wind-magnetosphere-ionosphere interaction _cedited by D. G. Sibeck and A. Kudela |
|
| 260 |
_aDordrecht _bKluwer Academic _c1999 |
||
| 300 | _aix, 294 p. | ||
| 490 | _aNATO science series. series C : mathematical and physical sc | ||
| 650 |
_aEquators-s _924596 |
||
| 650 |
_aSubstrom observations _924597 |
||
| 650 |
_aWind programmes _924598 |
||
| 700 |
_aKudela, A., ed. _924599 |
||
| 700 |
_aSibeck, D. G., ed. _924600 |
||
| 942 | _cBK | ||
| 999 |
_c14029 _d14029 |
||